| 000 | 00584nam a2200169 4500 | ||
|---|---|---|---|
| 001 | 139332 | ||
| 003 | ES-MaACL | ||
| 005 | 20230906195753.0 | ||
| 007 | t| | ||
| 008 | 070214s1909 sp r ||||1| spa d | ||
| 100 | 1 |
_aSarthou Carreres, Carlos. _9103879 |
|
| 245 | 1 | 0 |
_aViaje por los santuarios de la provincia de Castellón / _cCarlos Sarthou Carreres ; con fotografías del autor ; dibujos del pintor J. Castell. |
| 260 |
_aCastellón de la Plana : _bJ. Armengo é Hijos, _c1909. |
||
| 300 |
_aVII, 260 p. ; _c22 cm. |
||
| 700 | 1 |
_aCastell, J. _936485 |
|
| 852 |
_aES-MaACL _jG-3034 |
||
| 999 |
_c139332 _d139332 |
||